|
|
|
|
| LEADER |
00000ckm a2200000 a 4500 |
| 001 |
vtls001364605 |
| 003 |
SK-MaSNL |
| 005 |
20260302034051.0 |
| 007 |
kf ou |
| 008 |
240409s1999 xo g 0k slo |
| 015 |
|
|
|a SNBG2000/04-01684
|
| 035 |
|
|
|a SNK000318254
|
| 035 |
|
|
|a urn:nbn:sk:snk-km002pbj
|
| 035 |
|
|
|a B390A574-ADF7-4939-BE21-5F331496E8E3
|
| 035 |
|
|
|a urn:nbn:sk:snk-kmtfvw
|
| 040 |
|
|
|a SNK
|b slo
|c SNK
|e AACR2
|
| 041 |
0 |
|
|a slo
|
| 044 |
|
|
|a xo
|c SK
|
| 080 |
|
|
|a 908.437.678:728.8:06.07
|2 1981
|
| 080 |
|
|
|a 728.8
|2 1981
|
| 080 |
|
|
|a (084.5)
|2 1981
|
| 245 |
0 |
0 |
|a Spišský hrad
|h grafika
|b národná kultúrna pamiatka : slávnostné otvorenie letnej turistickej sezóny s bohatým kultúrnym programom dňa 1. mája 1999
|
| 260 |
|
|
|a Levoča
|b Spišské múzeum
|c 1999
|
| 300 |
|
|
|a 1 plagát
|c 42 x 30 cm
|
| 610 |
2 |
7 |
|a Spišský hrad (Žehra, Slovensko)
|2 SNKKA
|9 55722
|
| 648 |
|
7 |
|a 1999
|2 SNKPH
|9 266597
|
| 651 |
|
7 |
|a Žehra (Slovensko)
|2 SNKPH
|9 51867
|
| 655 |
|
7 |
|a plagáty
|2 SNKPH
|9 70571
|
| 710 |
2 |
|
|a Spišské múzeum (Levoča, Slovensko)
|9 32714
|
| 852 |
|
|
|a Slovenská národná knižnica
|
| 958 |
|
|
|a CP
|
| 958 |
|
|
|a GBN
|
| 958 |
|
|
|a OND
|
| 999 |
|
|
|c 1064591
|d 1066521
|
| 952 |
|
|
|t P60, <03>, [BOOK], {603}
|a SNK
|b SNK
|y PREZ
|7 0
|p 17A1162020
|o snkLPB 1460
|i snkPL 70/99
|0 0
|1 0
|4 0
|d 1999-05-31
|f 1
|l 0
|r 2005-01-02 00:00:00
|w 2026-02-24
|